000 00763nam a2200229 a 4500
005 20240802063643.0
008 050209s1992 es r 000 0 spa d
020 _a8421616080
035 _aUPN01000137363
049 _aCG
050 4 _aPQ6575 A6
_bD6.6 1992
100 1 _aZorrilla, José,
_d1817-1893
_930370
245 1 0 _aDon Juan Tenorio /
_cJosé Zorrilla ; ed., introd., notas y actividades de Ana Alcolea Serrano.
250 _a2a ed.
260 _a[España] :
_bBruño,
_c1992.
300 _a284 p.
440 0 _aAnaquel ;
_v18
600 1 4 _aZORRILLA Y MORAL, JOSE,
_d1817-1893 -
_xCRITICA E INTERPRETACION
_98846
650 4 _aLiteratura española
_xHistoria y crítica
_98085
700 1 _aAlcolea Serrano, Ana,
_d1962-
_eed.
_930369
905 _aLibro
999 _c109514
_d109514